| 000 | 00430nam a22001337a 4500 | ||
|---|---|---|---|
| 008 | 230515b |||||||| |||| 00| 0 eng d | ||
| 040 |
_aNational Science Library _cNational Science Library |
||
| 080 |
_a551.435.77(1-773)(082.2) _bM6 |
||
| 245 | _aCombating desertification in developing countries | ||
| 260 |
_aJodhpur: _bScientific Publishers, _c1986 |
||
| 300 | _axx, 315p. | ||
| 700 | _aJain, J K (Ed.) | ||
| 942 |
_2udc _cBK |
||
| 999 |
_c29925 _d29925 |
||